Pays organisateurs de la coupe du monde de football - Statistiques

Statistiques générales
  • Ce quiz a été pris 100 fois
  • Le résultat moyen est 15 sur 21
Statistiques - réponses
Années Pays hôte % Correct
1930 Uruguay
97%
2018 Russie
91%
2014 Brésil
89%
1998 France
89%
2010 Afrique du Sud
88%
1934 Italie
83%
2006 Allemagne
81%
1966 Angleterre
76%
2002 Japon / Corée du Sud
76%
1994 Etats-Unis
75%
1950 Brésil
73%
1938 France
73%
1978 Argentine
66%
1990 Italie
66%
1986 Mexique
66%
1982 Espagne
63%
1958 Suède
61%
1974 Allemagne
58%
1970 Mexique
56%
1954 Suisse
53%
1962 Chili
48%
Aucun quiz correspondant
Distribution des résultats
% des personnes avec chaque résultat
Percentile par nombre de réponses
Votre historique - résultats
Vous n’avez pas pris ce quiz